Memoriale rituum pro aliquibus praestantoribus sacris functionibus persolvendis in minoribus ecclesiis /

Na minha lista:
Detalhes bibliográficos
Autores corporativos: Iglesia Católica. Papa (1724-1730 : Benedicto XIII), Iglesia Católica. Papa (1914-1922 : Benedicto XV)
Formato: Livro
Idioma:latim
Assuntos:
Tags: Adicionar Tag
Sem tags, seja o primeiro a adicionar uma tag!

MARC

LEADER 00000nam^a2200000^a^4500
001 000364904
005 20250526000000.0
009 20260310115628.411
037 |a Acervo ITESO - Biblioteca 
041 |a LAT 
082 |a 264. 02036  |b IGL 
110 |a Iglesia Católica.  |b Papa (1724-1730 : Benedicto XIII) 
245 1 0 |a Memoriale rituum pro aliquibus praestantoribus sacris functionibus persolvendis in minoribus ecclesiis /  |c Benedicto XIII, Benedicto XV. 
264 |a Roma, Italia :  |b Sumptibus et Typis Friderici Pustet,  |c 1920 
300 |a 75 p. ;  |c 23.0 cm. 
336 |a texto  |b txt  |2 rdacontenido 
337 |a sin mediación  |b n  |2 rdamedio 
338 |a volumen  |b nc  |2 rdasoporte 
501 |a Encuadernación particular 
649 |a XX 
650 |a Iglesia Católica 
650 |a Misa -  |x Tema Principal 
650 |a Liturgia Cristiana -  |x Tema Principal 
650 |a Catolicismo 
650 |a Cristianismo 
650 |a Religión 
710 |a Iglesia Católica.  |b Papa (1914-1922 : Benedicto XV) 
910 |a Fondo General 
920 |a Impresos - Libros 
930 |a Libros Antiguos y Raros 
905 |a 108 
901 |a 0500258500  |b IT2  |c LRA  |i D75178  |u 20250526 
902 |a https://opac.biblio.iteso.mx/vufind/Record/000364904